European Countries with the Most National Parks - Statistics

General Stats
  • This quiz has been taken 281 times
    232 since last reset
  • The average score is 15 of 16
Answers on the Map
Answers color-coded by a green-red scale on the quiz's map according to % correct below.
 
Answer Stats
Rank Country National Parks % Correct
9* Germany 16
98%
6 Italy 25
98%
3 Norway 47
98%
9* Spain 16
98%
5 Sweden 30
98%
10* United Kingdom 15
98%
7 Poland 23
97%
4 Finland 40
96%
12* France 10
96%
2 Russia 48
96%
10* Greece 15
94%
11* Romania 14
93%
1 Ukraine 49
93%
12* Hungary 10
81%
8 Netherlands 21
73%
11* Albania 14
56%
No matching quizzes found
Score Distribution
Percent of People with Each Score
Percentile by Number Answered
Your Score History
You have not taken this quiz since the last reset